| 000 | 01235nam a22002775i 4500 | ||
|---|---|---|---|
| 001 | 155367 | ||
| 003 | ES-MaACL | ||
| 005 | 20251003063136.0 | ||
| 008 | 040720s1808 sp |||| | spa d | ||
| 040 |
_aCAM _bspa _cCAM |
||
| 100 | 1 |
_aHerrera, Fernando de, _d1534-1597 _963190 |
|
| 245 | 1 | 0 |
_aRimas de Fernando de Herrera / _cpor Don Ramon Fernandez ; tomo IV. |
| 260 |
_aMadrid : _bImprenta Real, _c1808. |
||
| 300 |
_a87, [1] en bl., 231 p., [1] en bl., ; _c16 cm. |
||
| 490 | 1 |
_aColección de poetas españoles ; _v4 |
|
| 500 | _aObra perteneciente a "Colección de poetas castellanos", según Aguilar, III, 1557. | ||
| 530 | _aDisponible también en sitio web. | ||
| 594 | _aPalau t.III señala que Ramón Fernández es seudónimo de Pedro Estala. | ||
| 597 | _aEscudo real xilográfico en portada. | ||
| 597 | _aa-e8, f4, A-O8, P4. | ||
| 700 | 1 |
_aEstala, Pedro, _d1757-1815 _948003 |
|
| 830 | 0 |
_aColección de poetas españoles ; _v4 _9221557 |
|
| 852 |
_aES-MaACL _jR-3104-12 _xOlim:G-13256-64 _z-- Enc. hol. _z-- 2 t. en 1 v. |
||
| 856 |
_uhttp://bibliotecadigitalhispanica.bne.es:80/webclient/DeliveryManager?pid=3040681&custom_att_2=simple_viewer _zIr a la página |
||
| 999 |
_c155367 _d155367 |
||